Statistics for Músculos dos membros inferiores

Click here to take the quiz!

General Stats

  • This quiz has been taken 7 times
  • The average score is 26 of 52

Answer Stats

HintAnswer% Correct
Mediais (5)Adutor curto
100%
Mediais (5)Adutor longo
100%
Mediais (5)Adutor magno
100%
Região Glútea (9)Glúteo máximo
100%
Região Glútea (9)Glúteo mínimo
100%
Extensores da Perna (5)Reto femoral
100%
Flexores da coxa (5)Sartório
100%
Posteriores da Coxa (3)Semimembranoso
100%
Extensores da Perna (5)Vasto intermédio
100%
Extensores da Perna (5)Vasto lateral
100%
Extensores da Perna (5)Vasto medial
100%
Lateral da Perna (2)Fibular curto
75%
Lateral da Perna (2)Fibular longo
75%
Posterior da Perna - Superficial (3)Gastrocnêmio
75%
Região Glútea (9)Glúteo médio
75%
Posteriores da Coxa (3)Semitendíneo
75%
Posterior da Perna - Superficial (3)Sóleo
75%
Anterior da Perna (4)Tibial anterior
75%
Posterior da Perna - Profunda (4)Tibial posterior
75%
Posteriores da Coxa (3)Bíceps femoral
50%
Anterior da Perna (4)Extensor longo do halux
50%
Anterior da Perna (4)Extensor longo dos dedos
50%
Posterior da Perna - Profunda (4)Flexor longo do hálux
50%
Posterior da Perna - Profunda (4)Flexor longo dos dedos
50%
Região Glútea (9)Gêmeo inferior
50%
Região Glútea (9)Gêmeo superior
50%
Mediais (5)Grácil
50%
Mediais (5)Obturador externo
50%
Região Glútea (9)Obturador interno
50%
Flexores da coxa (5)Pectíneo
50%
Região Glútea (9)Piriforme
50%
Região Glútea (9)Quadrado femoral
50%
Extensores da Perna (5)Articular do joelho
25%
Dorso do pé (2)Extensor curto do hálux
25%
Dorso do pé (2)Extensor curto dos dedos
25%
Anterior da Perna (4)Fibular terceiro
25%
Pé - 3° Camada (3)Flexor curto do hálux
25%
Pé - 1° Camada (3)Flexor curto dos dedos
25%
Flexores da coxa (5)Ilíaco
25%
Posterior da Perna - Superficial (3)Plantar
25%
Flexores da coxa (5)Psoas maior
25%
Flexores da coxa (5)Psoas menor
25%
Região Glútea (9)Tensor da fáscia lata
25%
Pé - 1° Camada (3)Abdutor do dedo mínimo
0%
Pé - 1° Camada (3)Abdutor do hálux
0%
Pé - 3° Camada (3)Adutor do hálux
0%
Pé - 3° Camada (3)Flexor do dedo mínimo
0%
Pé - 4° Camada (2)Interósseos dorsais
0%
Pé - 4° Camada (2)Interósseos palmares
0%
Pé - 2° Camada (2)Lumbricais
0%
Posterior da Perna - Profunda (4)Poplíteo
0%
Pé - 2° Camada (2)Quadrado plantar
0%

Score Distribution

Percentile by Number Answered

Percent of People with Each Score

Your Score History

You have not taken this quiz